zpět

Detail výsledku týmu

Pardubický Pub ČT, Pardubice

Datum a čas kvízu

41.5 Celkem bodů Celkový počet nahraných bodů na tomto kvízu bez doplňovacích otázek.
1. Pořadí na kvízu Konečné umístění týmu na tomto kvízu.

Zaznamenané odpovědi

# Otázka Odpověď Body Výsledky
1. „Pro ___. Ne pro ___." Doplňte... vás; politiky 0.5
2. Na internetu se minulý týden o... A 1
3. Napište jméno skotského herce... Iain Glen; Hra o trůny 1
4. Kterou americkou komunikační p... WhatsApp 1
5. Fanoušek Manchesteru United, F... C) ostříhat si vlasy 1
6. Hned v úvodu bod rozdělíme: za... Ulánbátar; Altaj 0.5
7. Mongolština může být zapisován... cyrilice (azbuka) 0
8. Jak se jmenuje hudební skupina... The Hu 1
9. Tato obydlí se v Mongolsku ozn... jurta 1
10. Do Mongolska zasadila děj svéh... babičce 1